000 00660nam a2200157 a 4500
008 170131s2015 ||||||||||||||||| || u
050 _aCBU-UG THESIS/MUL
100 _aMulenga, Daniel
245 1 4 _aThe contribution of small scale aquaculture in poverty alleviation: a case of Choma district
_cby Daniel Mulenga
260 _aKitwe:
_bCopperbelt University
_c2015
300 _axii, 46p.: ill.
500 _aBibliography
650 _aAQUACULTURE--ECONOMIC ASPECTS--ZAMBIA
650 _aAQUACULTURE--ECONOMIC ASPECTS
995 _aSPECIAL COLLECTIONS
_e4210
_FCBU-MAIN LIBRARY (Kitwe)
_jCBU-UG THESIS/MUL
_M2
_UAVAILABLE
_WJul 27, 2020
_yB4210
_ZUniversity Collection
999 _c79842
_d79842